000 00636nam a2200193 i 4500
001 33630
003 ES-MaACL
005 20230906154807.0
007 t|
008 030203s1973 sp ||||1| spa d
100 1 _aBettelheim, Charles.
_928678
245 1 0 _aCálculo económico y formas de propiedad /
_cpor Charles Bettelheim ; [traducción de Ramón Salva ; revisado por Julio Fernando Arauco].
250 _a[3ª ed.].
260 _aMadrid :
_bSiglo Veintiuno de España,
_c[1973]
300 _a229 p. ;
_c18 cm.
700 1 _aSalvat, Ramón.
_9102117
700 1 _aArauco, Julio Fernando.
_922358
852 _aES-MaACL
_jC-53094
999 _c33630
_d33630